Statistics for Best Cartoon Network Shows of the 2000's

Click here to take the quiz!

General Stats

  • This quiz has been taken 1,016 times
    (444 since last reset)
  • The average score is 7 of 17

Answer Stats

HintAnswer% Correct
B10Ben 10
94%
TTTeen Titans
75%
EE&EEd Edd & Eddy
74%
C: KNDCodename: Kid's Next Door
59%
TDTotal Drama
48%
6T6teen
37%
CTCDCourage The Cowardly Dog
36%
JBJohnny Bravo
36%
JTJohnny Test
36%
DLDexter's Laboratory
35%
JLJustice League
33%
FHFIFFoster's Home for Imaginary Friends
30%
TPGThe Powerpuff Girls
30%
SJSamurai Jack
27%
TGAOBAMThe Grim Adventures of Billy and Mandy
25%
BBBatman Beyond
8%
WNSDWhat's New, Scooby Doo?
8%

Score Distribution

Percentile by Number Answered

Percent of People with Each Score

Your Score History

You have not taken this quiz since the last reset